| Tag |
First Indicator |
Second Indicator |
Subfields |
| LEADER |
00000cam a2200000 a 4500 |
| 001 |
in00001403857 |
| 005 |
20151020053205.0 |
| 008 |
901224s1991 meua b 001 0 eng |
| 010 |
|
|
|a 90029038
|
| 020 |
|
|
|a 0933662912
|
| 035 |
|
|
|a (OCoLC)23015990
|
| 035 |
|
|
|9 AHM7335AM
|
| 040 |
|
|
|a DLC
|c DLC
|d TXA
|d UtOrBLW
|
| 049 |
|
|
|a TXAM
|
| 050 |
0 |
0 |
|a P51
|b .B76 1991
|
| 082 |
0 |
0 |
|a 418/.007
|2 20
|
| 100 |
1 |
|
|a Brown, H. Douglas,
|d 1941-
|
| 245 |
1 |
0 |
|a Breaking the language barrier :
|b creating your own pathway to success /
|c H. Douglas Brown ; with a foreword by Paul Simon.
|
| 264 |
|
1 |
|a Yarmouth, ME :
|b Intercultural Press,
|c [1991]
|
| 264 |
|
4 |
|c ©1991
|
| 300 |
|
|
|a xviii, 184 pages :
|b illustrations ;
|c 23 cm.
|
| 336 |
|
|
|a text
|b txt
|2 rdacontent
|
| 337 |
|
|
|a unmediated
|b n
|2 rdamedia
|
| 338 |
|
|
|a volume
|b nc
|2 rdacarrier
|
| 504 |
|
|
|a Includes bibliographical references (pages [177]-180) and index.
|
| 650 |
|
0 |
|a Language and languages
|x Study and teaching.
|
| 948 |
|
|
|a c:ce
|
| 999 |
|
|
|a MARS
|
| 999 |
f |
f |
|s f3b292a6-dc7f-3d76-adea-fbecf140dadb
|i 6822d9b7-96c5-361f-85fd-792da1c7c545
|t 0
|
| 952 |
f |
f |
|p ric
|a Texas A&M University
|b Rellis Campus
|c Joint Library Facility
|s JLF
|d Remote Storage
|t 0
|e P51 .B76 1991
|h Library of Congress classification
|i unmediated -- volume
|m A14822543403
|
| 998 |
f |
f |
|a P51 .B76 1991
|t 0
|l Remote Storage
|